| 000 | 00537nam a22001697a 4500 | ||
|---|---|---|---|
| 008 | 160630b xxu||||| |||| 00| 0 eng d | ||
| 020 | _a1602730021 | ||
| 040 |
_aKABU _cKABU |
||
| 050 |
_aBV4817 _b.K46 2005 c. 1 |
||
| 100 | _aKenoly, Ron | ||
| 245 |
_aThe priority of praise & worship _blearning to give back to God _cRon Kenoly |
||
| 260 |
_aPanama, USA _bParsons Publishing House _c2005 |
||
| 300 | _aviii, 132 p. | ||
| 650 | _aPraise of God | ||
| 650 | _aWorship | ||
| 942 |
_2lcc _cBK _hBV4817 .K46 2005 c. 1 |
||
| 999 |
_c16027 _d16027 |
||